<?xml version="1.0" encoding="UTF-8"?>
<record
    xmlns:xsi="http://www.w3.org/2001/XMLSchema-instance"
    xsi:schemaLocation="http://www.loc.gov/MARC21/slim http://www.loc.gov/standards/marcxml/schema/MARC21slim.xsd"
    xmlns="http://www.loc.gov/MARC21/slim">

  <leader>01749nam a2200385 a 4500</leader>
  <controlfield tag="001">000038987</controlfield>
  <controlfield tag="003">000038987</controlfield>
  <controlfield tag="005">20180403151133.0</controlfield>
  <controlfield tag="008">130510s1973   es            001 0 spa d</controlfield>
  <datafield tag="020" ind1=" " ind2=" ">
    <subfield code="a">8439907753</subfield>
  </datafield>
  <datafield tag="040" ind1=" " ind2=" ">
    <subfield code="a">BPMSU</subfield>
    <subfield code="b">spa</subfield>
    <subfield code="c">BPMSU</subfield>
  </datafield>
  <datafield tag="082" ind1=" " ind2=" ">
    <subfield code="a">972.93</subfield>
    <subfield code="b">D637h</subfield>
  </datafield>
  <datafield tag="245" ind1="0" ind2="0">
    <subfield code="a">Documentos para la historia de Santo Domingo /</subfield>
    <subfield code="c">edici&#xF3;n, prefacios, notas e &#xED;ndices M&#xE1;ximo Coiscou Henr&#xED;quez.</subfield>
  </datafield>
  <datafield tag="260" ind1=" " ind2=" ">
    <subfield code="a">Madrid :</subfield>
    <subfield code="b">[Rivadeneyra,</subfield>
    <subfield code="c">1973].</subfield>
  </datafield>
  <datafield tag="300" ind1=" " ind2=" ">
    <subfield code="a">2v. ;</subfield>
    <subfield code="c">23 cm.</subfield>
  </datafield>
  <datafield tag="500" ind1=" " ind2=" ">
    <subfield code="a">La biblioteca posee  v. 1</subfield>
  </datafield>
  <datafield tag="500" ind1=" " ind2=" ">
    <subfield code="a">Edici&#xF3;n, prefacios, notas, &#xED;ndices, etc&#xE9;tera, del doctor M&#xE1;ximo Coiscou Henr&#xED;quez, encargado de investigaciones hist&#xF3;ricas en archivos y bibliotecas de Espa&#xF1;a y de Francia, profesor jubilado de historia de Santo Domingo y de metodolog&#xED;a y cr&#xED;tica hist&#xF3;ricas de la Universidad de Santo Domingo, R.D.</subfield>
  </datafield>
  <datafield tag="500" ind1=" " ind2=" ">
    <subfield code="a">Incluye referencias bibliogr&#xE1;ficas y notas al pie de las p&#xE1;ginas</subfield>
  </datafield>
  <datafield tag="504" ind1=" " ind2=" ">
    <subfield code="a">Incluye bibliograf&#xED;a y notas al pie de p&#xE1;ginas.</subfield>
  </datafield>
  <datafield tag="651" ind1=" " ind2="4">
    <subfield code="a">REP&#xDA;BLICA DOMINICANA</subfield>
    <subfield code="x">HISTORIA</subfield>
  </datafield>
  <datafield tag="651" ind1=" " ind2="4">
    <subfield code="a">ISLA ESPA&#xD1;OLA (HAITI Y REP&#xDA;BLICA DOMINICANA)</subfield>
    <subfield code="x">HISTORIA</subfield>
  </datafield>
  <datafield tag="700" ind1="1" ind2=" ">
    <subfield code="a">Coiscou Henr&#xED;quez, M&#xE1;ximo,</subfield>
    <subfield code="e">comp.</subfield>
  </datafield>
  <datafield tag="910" ind1=" " ind2=" ">
    <subfield code="a">Validado. Control de calidad EMS.</subfield>
  </datafield>
  <datafield tag="942" ind1=" " ind2=" ">
    <subfield code="2">ddc</subfield>
    <subfield code="c">BK</subfield>
  </datafield>
  <datafield tag="945" ind1=" " ind2=" ">
    <subfield code="a">Remanejado para la BNPHU</subfield>
  </datafield>
  <datafield tag="952" ind1=" " ind2=" ">
    <subfield code="0">0</subfield>
    <subfield code="1">0</subfield>
    <subfield code="2">ddc</subfield>
    <subfield code="4">0</subfield>
    <subfield code="7">0</subfield>
    <subfield code="8">CD</subfield>
    <subfield code="a">BPMET</subfield>
    <subfield code="b">BPMET</subfield>
    <subfield code="d">2014-07-16</subfield>
    <subfield code="l">0</subfield>
    <subfield code="o">972.93    D637h  v.1</subfield>
    <subfield code="p">BPMSU15040623</subfield>
    <subfield code="r">2014-07-16</subfield>
    <subfield code="w">2014-07-16</subfield>
    <subfield code="y">BK</subfield>
  </datafield>
  <datafield tag="956" ind1=" " ind2=" ">
    <subfield code="a">DGARCIA</subfield>
    <subfield code="b">10</subfield>
    <subfield code="c">20130510</subfield>
    <subfield code="l">BND01</subfield>
    <subfield code="h">0959</subfield>
  </datafield>
  <datafield tag="956" ind1=" " ind2=" ">
    <subfield code="a">DGARCIA</subfield>
    <subfield code="b">10</subfield>
    <subfield code="c">20130510</subfield>
    <subfield code="l">BND01</subfield>
    <subfield code="h">0959</subfield>
  </datafield>
  <datafield tag="956" ind1=" " ind2=" ">
    <subfield code="a">KLANTIGUA</subfield>
    <subfield code="b">10</subfield>
    <subfield code="c">20130528</subfield>
    <subfield code="l">BND01</subfield>
    <subfield code="h">1119</subfield>
  </datafield>
  <datafield tag="956" ind1=" " ind2=" ">
    <subfield code="a">KLANTIGUA</subfield>
    <subfield code="b">10</subfield>
    <subfield code="c">20130626</subfield>
    <subfield code="l">BND01</subfield>
    <subfield code="h">1107</subfield>
  </datafield>
  <datafield tag="956" ind1=" " ind2=" ">
    <subfield code="a">EMARRERO</subfield>
    <subfield code="b">40</subfield>
    <subfield code="c">20140423</subfield>
    <subfield code="l">BND01</subfield>
    <subfield code="h">0048</subfield>
  </datafield>
  <datafield tag="956" ind1=" " ind2=" ">
    <subfield code="a">EMARRERO</subfield>
    <subfield code="b">40</subfield>
    <subfield code="c">20140424</subfield>
    <subfield code="l">BND01</subfield>
    <subfield code="h">2310</subfield>
  </datafield>
  <datafield tag="956" ind1=" " ind2=" ">
    <subfield code="a">EMARRERO</subfield>
    <subfield code="b">40</subfield>
    <subfield code="c">20140424</subfield>
    <subfield code="l">BND01</subfield>
    <subfield code="h">2312</subfield>
  </datafield>
  <datafield tag="956" ind1=" " ind2=" ">
    <subfield code="a">EMARRERO</subfield>
    <subfield code="b">40</subfield>
    <subfield code="c">20140424</subfield>
    <subfield code="l">BND01</subfield>
    <subfield code="h">2314</subfield>
  </datafield>
  <datafield tag="956" ind1=" " ind2=" ">
    <subfield code="a">EMARRERO</subfield>
    <subfield code="b">40</subfield>
    <subfield code="c">20140424</subfield>
    <subfield code="l">BND01</subfield>
    <subfield code="h">2316</subfield>
  </datafield>
  <datafield tag="999" ind1=" " ind2=" ">
    <subfield code="c">7186</subfield>
    <subfield code="d">7186</subfield>
  </datafield>
</record>
